| 000 | 01180cam a22003377a 4500 | ||
|---|---|---|---|
| 003 | CHAP | ||
| 005 | 20220329142511.0 | ||
| 008 | 010803d1987 es rd 00010 spa d | ||
| 010 | _a84392 | ||
| 011 | _a85364 | ||
| 020 | _a8424913442 | ||
| 035 | _a95897 | ||
| 040 | _cCHAP | ||
| 082 | 0 | 0 |
_a464 _bD51 1987 |
| 100 | 0 | 0 |
_aMoliner, María. _977419 |
| 245 | 1 | 0 |
_aDiccionario de uso del español _cpor María Moliner |
| 250 | _a8 ed. | ||
| 260 |
_aMadrid : _bGredos, _c1987 |
||
| 300 | _a2 v. | ||
| 590 |
_aBATCH-UPD _b10 _c20130110 _lUCH01 _h0830 |
||
| 590 |
_aBATCH-UPD _b10 _c20130410 _lUCH01 _h0508 |
||
| 590 |
_aBATCH-UPD _b10 _c20130914 _lUCH01 _h1334 |
||
| 590 |
_aCONVERSION _b10 _c20130109 _lUCH01 _h1347 |
||
| 650 | 0 | 4 |
_aEspañol _xDiccionarios. _937725 |
| 901 | _aBK | ||
| 942 | _cLIBRO | ||
| 949 |
_a464 D51 1987 _bBC _cC _d33724000837860 _eC _fv.1 _gDonaciØn CONASUPO _h100256 _i95897 _sb |
||
| 949 |
_a464 D51 1987 _bBC _cC _d33724000837951 _eC _fv.2 c.2 _gDonacion _h100259 _i95897 _sb |
||
| 949 |
_a464 D51 1987 _bBC _cC _d33724000838009 _eC _fv.1 c.2 _gDonaciØn CONASUPO _h100258 _i95897 _sb |
||
| 949 |
_a464 D51 1987 _bBC _cC _d33724000838058 _eC _fv.2 _gDonaciØn CONASUPO _h100257 _i95897 _sb |
||
| 999 |
_c84392 _d84392 |
||